Statistics for All Countries That Are Larger Than 1% Of Total World Area

Click here to take the quiz!

General Stats

  • This quiz has been taken 73 times
  • The average score is 17 of 19

Answer Stats

%Country% Correct
5.6Brazil
100%
6.5Canada
100%
11.0Russia
100%
5.2Australia
99%
6.1United States
99%
1.9Argentina
97%
6.3China
97%
2.0India
97%
1.8Kazakhstan
97%
1.2Indonesia
94%
1.3Mexico
94%
1.5DR Congo
92%
1.6Algeria
89%
1.0Mongolia
88%
1.4Saudi Arabia
86%
1.1Iran
81%
1.2Sudan
76%
1.0Peru
75%
1.2Libya
72%

Score Distribution

Percentile by Number Answered

Percent of People with Each Score

Your Score History

You have not taken this quiz